|
|
|
|
| LEADER |
00000nam0a2200000 4500 |
| 001 |
240764 |
| 005 |
20231101231750.0 |
| 010 |
|
|
|a 9785222196748
|
| 035 |
|
|
|a (RuTPU)RU\TPU\book\262023
|
| 090 |
|
|
|a 240764
|
| 100 |
|
|
|a 20130625d2013 m y0rusy50 ca
|
| 101 |
0 |
|
|a rus
|
| 102 |
|
|
|a RU
|
| 105 |
|
|
|a y j 001zy
|
| 200 |
1 |
|
|a Основы страхования для бакалавров
|e курс лекций
|f В. Ф. Бадюков, А. В. Козлов
|
| 210 |
|
|
|a Ростов-на-Дону
|c Феникс
|d 2013
|
| 215 |
|
|
|a 156 с.
|
| 225 |
1 |
|
|a Высшее образование
|
| 320 |
|
|
|a Библиогр.: с. 151-156.
|
| 330 |
|
|
|a В пособии рассмотрены сущность и содержание страхования в современной экономике, особенности его становления, юридические основы страхования, основы построения страховых тарифов, понятие и структура страхового рынка, его современное состояние, приведена классификация страхования; в конце каждой главы — контрольные вопросы и задания для самопроверки студентов. Предназначено для бакалавров направления «Экономика», «Менеджмент», изучающих страхование.
|
| 606 |
1 |
|
|a Страхование
|2 stltpush
|3 (RuTPU)RU\TPU\subj\69372
|9 84248
|
| 610 |
1 |
|
|a теория
|
| 610 |
1 |
|
|a история
|
| 610 |
1 |
|
|a Россия
|
| 610 |
1 |
|
|a страховой рынок
|
| 610 |
1 |
|
|a риск-менеджмент
|
| 610 |
1 |
|
|a страховые риски
|
| 610 |
1 |
|
|a экономическая природа
|
| 610 |
1 |
|
|a классификация
|
| 610 |
1 |
|
|a правовое обеспечение
|
| 610 |
1 |
|
|a страховая деятельность
|
| 610 |
1 |
|
|a страховые тарифы
|
| 610 |
1 |
|
|a учебные пособия
|
| 686 |
|
|
|a У9(2)271я73
|v LBC/SL-A
|2 rubbk
|
| 700 |
|
1 |
|a Бадюков
|b В. Ф.
|g Владимир Федорович
|
| 701 |
|
1 |
|a Козлов
|b А. В.
|g Александр Владимирович
|
| 801 |
|
1 |
|a RU
|b 63413507
|c 20130625
|
| 801 |
|
2 |
|a RU
|b 63413507
|c 20150526
|g RCR
|
| 942 |
|
|
|c BK
|
| 959 |
|
|
|a 104/20130625
|d 2
|e 138,60
|f ЧЗГЛ:1
|f АНЛ:1
|